|
|
|
|
| LEADER |
00000nam0a2200000 4500 |
| 001 |
220358 |
| 005 |
20231031195403.0 |
| 035 |
|
|
|a (RuTPU)RU\TPU\book\240480
|
| 090 |
|
|
|a 220358
|
| 100 |
|
|
|a 20120822d1912 k y0rusy50 ca
|
| 101 |
0 |
|
|a rus
|
| 102 |
|
|
|a RU
|
| 105 |
|
|
|a a z 000zy
|
| 200 |
1 |
|
|a Курс механической технологии металлов
|h Ч. 1
|f Н. Н. Саввин
|
| 210 |
|
|
|a СПб.
|c Издание Кассы Взаимопомощи Студентов СПб. Политехнического Института Императора Петра Великого
|d 1912
|
| 215 |
|
|
|a 194 с.
|c ил.
|
| 610 |
1 |
|
|a металлы
|
| 610 |
1 |
|
|a технология
|
| 610 |
1 |
|
|a механическая технология
|
| 610 |
1 |
|
|a обработка
|
| 610 |
1 |
|
|a измерительные инструменты
|
| 610 |
1 |
|
|a штамповка
|
| 610 |
1 |
|
|a клепка
|
| 610 |
1 |
|
|a прокатка
|
| 675 |
|
|
|a 669.017
|v 3
|
| 700 |
|
1 |
|a Саввин
|b Н. Н.
|
| 801 |
|
1 |
|a RU
|b 63413507
|c 20120822
|
| 801 |
|
2 |
|a RU
|b 63413507
|c 20120905
|g RCR
|
| 942 |
|
|
|c BK
|